000
00244nam a2200097Ia 4500
005
20251222114346.0
008
251222s1900||||xx |||||||||||||| ||spa||
082
_a
DVD0090/M58/2006/V.1,T.2
245
0
_a
Descubriendo la historia Vol.1:
942
_c
DVD
999
_c
1043
_d
1043